| 000 | 00659nam a2200229Ia 4500 | ||
|---|---|---|---|
| 001 | 3174 | ||
| 003 | GE_BSU | ||
| 008 | 181216s||||||||xx |||||||||||||| ||und|| | ||
| 020 | _a586225613x | ||
| 040 | _cGE_BSU | ||
| 080 | _a338.23(075.8) | ||
| 245 | _aУправление государственной собственностью | ||
| 245 | _bУчебник | ||
| 245 | _cпод. ред. В.П. Юшин, | ||
| 260 | _aМосква | ||
| 260 | _bИНФРА-М | ||
| 260 | _c1997 | ||
| 300 | _a496 с. 20 см | ||
| 541 | _h12 л. 50 т. | ||
| 653 | _aУправление государственной собственностью | ||
| 942 | _cBK | ||
| 999 |
_c37217 _d37217 |
||